Dirigeants européens durant la Seconde Guerre Mondiale (1939-1945) - Statistiques

Statistiques générales
  • Ce quiz a été pris 344 fois
  • Le résultat moyen est 9 sur 30
Statistiques - réponses
Pays Faction Dirigeant % Correct
Allemagne Nazie Axe Adolph Hitler
98%
Italie fasciste (1922-1945) Axe Benito Mussolini
96%
Union Soviétique Komintern Joseph Staline
96%
France de Vichy (1940-1944) Neutre Philippe Pétain
92%
France Libre (1940-1944) Alliés Charles de Gaulle
91%
Royaume-Uni Alliés Winston Churchill
84%
Espagne Neutre Francisco Franco
79%
Portugal Neutre António de Oliveira Salazar
35%
France (1932-1940) Alliés Albert Lebrun
32%
Vatican Neutre Pie XII
27%
Belgique Alliés Léopold III
24%
Hongrie (1920-1944) Axe Miklós Horthy de Nagybánya
14%
Roumanie (1940-1944) Axe Ion Antonescu
12%
Bulgarie (1918-1943) Axe Boris III
11%
Roumanie (1944-1947) Alliés Michel Ier
11%
Roumanie (1930-1940) Neutre Carol II
8%
Italie (1943-1944) Alliés Pietro Badoglio
8%
Danemark Alliés Christian X
7%
Yougoslavie Alliés Pierre II
7%
Finlande Axe (informel) Carl Gustaf Emil Mannerheim
5%
Grèce Alliés Ioánnis Metaxás
5%
Pays-Bas Alliés Wilhelmine
5%
Norvège Alliés Haakon VII
4%
Bulgarie (1943-1946) Axe Siméon II
4%
Suède Neutre Gustave V
3%
Luxembourg Alliés Charlotte
2%
Pologne (1933-1939) Alliés Ignacy Mościcki
2%
Hongrie (1944-1945) Axe Ferenc Szálasi
1%
Italie (1944-1945) Alliés Ivanoé Bonomi
1%
Pologne (1939-1947) Alliés Władysław Raczkiewicz
1%
Aucun quiz correspondant
Distribution des résultats
% des personnes avec chaque résultat
Percentile par nombre de réponses
Votre historique - résultats
Vous n’avez pas pris ce quiz